| 000 | 00466 a2200169 4500 | ||
|---|---|---|---|
| 008 | 100424t xxu||||| |||| 00| 0 eng d | ||
| 020 |
_a9780140104806 _c350.00 |
||
| 037 | _bUBH | ||
| 040 | _aDPL | ||
| 100 | _aTully, Mark | ||
| 245 |
_aNo full stops in India / _cby Mark Tully |
||
| 260 |
_bPenguin Books _c1991 |
||
| 270 |
_a11, Community Centre, Panchsheel Park _bNew Delhi _e110017 |
||
| 300 |
_a336p, : _c22 cm. (Pbk) |
||
| 942 |
_cEN _2ddc _mTUL |
||
| 999 |
_c35407 _d35407 |
||